Kockázati fókuszkeresés a belső ellenőrzés új korszakában Változó környezet, új típusú kockázatok, az ellenőrzés szakma és az ellenőrzési szerepkör átalakulása

Bibliográfiai részletek
Szerző: Bán Erika
Dokumentumtípus: Könyv része
Megjelent: Budapesti Gazdaságtudományi Egyetem Budapest 2025
Sorozat:II. Dr. Sztanó Imre Emlékkonferencia
Tárgyszavak:
doi:10.29180/978-615-6886-22-4_1

Online Access:http://publikaciotar.uni-bge.hu/2595

MARC

LEADER 00000naa a2200000 i 4500
001 publ2595
005 20260128135016.0
008 260128s2025 hu o 000 zxx d
020 |a 978-615-6886-22-4 
024 |a 10.29180/978-615-6886-22-4_1  |2 doi 
040 |a BGE Publikációtár Repozitórium  |b hun 
100 1 |a Bán Erika 
245 1 0 |a Kockázati fókuszkeresés a belső ellenőrzés új korszakában  |b Változó környezet, új típusú kockázatok, az ellenőrzés szakma és az ellenőrzési szerepkör átalakulása  |c Bán Erika  |h [elektronikus dokumentum] 
260 |a Budapesti Gazdaságtudományi Egyetem  |b Budapest  |c 2025 
300 |a 1-12 
490 0 |a II. Dr. Sztanó Imre Emlékkonferencia 
650 4 |a közgazdaságtudományok 
856 4 0 |u https://publikaciotar.uni-bge.hu/id/eprint/2595/1/Dr.%20Sztan%C3%B3%20Imre%20Elml%C3%A9kkonferencia_konferenciak%C3%B6tet_1.pdf  |z Dokumentum-elérés